00713cam a22002057a 4500003000500000005001700005008004100022010001000063011001000073035001000083040000900093100002700102245013900129260004100268300001900309502009900328650003100427650002300458650002600481CHAP20220329142602.0010920d2001 mx r 00110 spa d a85305 a86277 a96815 cCHAP00aVilla Estala, Zenón.10aAnálisis de la producción y la comercialización del melón (Cucumis melo L.) en la región lagunerac/por Zenón Villa Estala aChapingo, Méx. :bEl autor,c1992. a98 h. ;banexo aTesis (Ing. Agr. Esp. en Economía Agrícola) -- UACH. Departamento de Economía Agrícola14aMelónxComarca Lagunera.14aMelónxMercadeo.14aMelónxRendimiento.